Principles and procedures of plant breeding : biotechnological and conventional approaches (Record no. 33847)

MARC details
000 -LEADER
fixed length control field 00508nam a2200181Ia 4500
020 ## - INTERNATIONAL STANDARD BOOK NUMBER
ISBN 9788173193743
050 ## - CALL MARK
Classification number SB 123 .C2/
100 ## - STATEMENT OF RESPONSIBILITY--MAIN AUTHOR NAME
Personal name Chahal, G. S.
245 #0 - TITLE STATEMENT
Title Principles and procedures of plant breeding : biotechnological and conventional approaches
260 ## - PUBLICATION, DISTRIBUTION, ETC. (IMPRINT)
Place of publication New Delhi
260 ## - PUBLICATION, DISTRIBUTION, ETC. (IMPRINT)
Name of publisher Narosa Publishing House
260 ## - PUBLICATION, DISTRIBUTION, ETC. (IMPRINT)
Year of publication 2014
300 ## - PHYSICAL DESCRIPTION
Number of Pages 604 p
650 ## - SUBJECT ADDED ENTRY--TOPICAL TERM
Topical Term Plant breeding. Plant genetics.
942 ## - ADDED ENTRY ELEMENTS (KOHA)
Koha item type Books
Holdings
Withdrawn status Lost status Source of classification or shelving scheme Damaged status Not for loan Permanent Location Current Location Date acquired Accession Number Price effective from Koha item type
    Library of Congress Classification     NILE UNIVERSITY OF NIGERIA - MAIN LIBRARY NILE UNIVERSITY OF NIGERIA - MAIN LIBRARY 04/23/2025 0185169 04/23/2025 Books